000
00336nam a22001457a 4500
008
221012b ||||| |||| 00| 0 eng d
020
_a
013389925
041
_a
eng
080
_2
SEVENTH EDITION
_a
7
082
_a
7 WIN
100
_a
21.1
101
_a
ART
245
_a
A HISTORY OF CIVILIZATION
_c
WINKS / BRINTON
942
_2
udc
_c
BK
999
_c
58511
_d
58511